[Event "Tata Steel Chess Masters 2022"]
[Site "Chess.com"]
[Date "2022.01.23"]
[Round "8"]
[White "Esipenko, Andrey"]
[Black "Giri, Anish"]
[Result "0-1"]
[WhiteElo "2714"]
[BlackElo "2772"]
[EventDate "2022.??.??"]
[Annotator "Bojkov,Dejan"]
[PlyCount "98"]
[Beauty "7012473657890"]
[EventType "schev"]
[EventRounds "4"]

1.e4 e5 2.Nf3 Nc6 3.Bc4 {The Italian is as common nowadaysdays as the Ruy Lopez was before.} 3...Nf6 4.d3 Bc5 5.c3 O-O 6.O-O d5 {The most direct try for an equality.} 7.exd5 Nxd5 8.Re1 {The immediate pressure against the e5-pawn is White's best chance.} 8...Bg4 9.Nbd2 ( {White can also throw in:} 9.a4 a5 10.h3 Bh5 11.Nbd2 Nb6 12.Bb3 Qxd3 13.Nxe5 Qf5 14.Nef3 Rad8 15.Qe2 {also with symmetrical position in Firouzja,A (2804)-Aronian,L (2772) Warsaw 2021} ) 9...Nb6 {That is the thing, Black can aslo attack the opponent's central pawn.} 10.h3 Bh5 11.Bb3 {According to Megabase, this retreat is recently more successful than 11.Bb5.} 11...Qxd3 12.Nxe5 Qf5 13.Nef3 Rfe8 $5 {\"This is a rare move, but people obviously know about it. It is on my course for White; I say White is slightly better in this game,\" said Giri, with mischievous smile on his face.} 14.g4 {Esipenko accepts the challenge.} 14...Bxg4 15.hxg4 Qxg4+ 16.Kh1 Ne5 17.Nh2 Qg6 18.Bc2 Nd3 19.Bxd3 Qxd3 {Up to here, everything was more or less forced. White needs to quench the opponent's initiative as quick as possible.} 20.Ndf3 $146 {Thus, the trade of the queens is offered, but at the price of a pawn. Giri, however, had memories that he offered another square for the knight.} ( {And this might be the b3-square, as in the email predecessor:} 20.Nb3 Qxd1 21.Rxd1 Bxf2 22.Ng4 Bh4 23.Rg1 Kf8 24.Kg2 {and the game eventually ended in a draw, Rohs,R (2318)-Larsson,M (2287) ICCF email 2016} ) 20...Qxd1 21.Rxd1 Bxf2 {Black has three pawns for the piece, and as a rule this translates into more pieces traded=the more valuable the pawns become. Their potential value can improve from three to thenty-seven pawns in theory, which means that Esipenko will need to wisely positon his pieces to actively suppress the pawns.} 22.Bf4 c6 23.Rd2 {\"This move is not critical.\" (Giri) And the Dutchman quickly proves why.} ( {More in the spirit of the position might have been} 23.Ng4 Bc5 24.b4 Re4 25.Be5 Rxg4 26.bxc5 Nd5 {with approximate equality. A white bishop on d4 will make a difference.} ) 23...Be3 $1 {\"After the trade of the bishops I was comfortable. Generally, if I trade the right pieces, and if White does not jump quickly on my king with some Nh2-g4 and Ra1-g1 then I am safe.\" (Giri)} 24.Bxe3 Rxe3 25.Nd4 Nc4 26.Rf2 Rae8 27.Raf1 ( {It made sense to centralize the knights at once with} 27.Nf5 $5 Re1+ 28.Rxe1 Rxe1+ 29.Kg2 Kf8 30.Nf3 {when it is still about even.} ) 27...Nd6 28.Nf5 ( {Here, too} 28.Ng4 {is possible, but without the bishop on board, not as impresisve and Black can fight for the initiative with either} 28...Rg3 ( {Or} 28...Re1 ) ) 28...Nxf5 29.Rxf5 f6 30.Kg2 Kf7 31.Rd1 h5 $1 {Using a small tactic Giri brings his pawns into motion. This is why Esipenko needed more pieces on board; it would have been riskier then, pushing the foot-soldiers in front of the king.} 32.Rf2 ( {The forcing line} 32.Rxh5 Re2+ 33.Kg3 Rxb2 34.Rd7+ Re7 35.Rxe7+ Kxe7 36.Ra5 a6 {forces White to a gloomy defense.} ) 32...g5 33.Rd7+ {\"I think this was his mistake. He should have freed the knight to either f1, or via f3-d4-square and then enter with the rook behind, and then I was not thinking I would be able to win this game.\" (Giri)} ( {But how exaclty? The line} 33.Nf3 Kg6 34.Nd4 Re1 $1 35.Rdd2 g4 $1 {looks more than fine for Black as his pawns keep moving.} ) ( {Whereas} 33.Nf1 {can be met with} 33...Re2 34.Ng3 Rxf2+ 35.Kxf2 h4 36.Nf5 Kg6 {once again lifting the loose White blockade.} ) 33...R3e7 34.Rd6 Re6 {Black would love to swap one pair of rooks, when his pawns would move effortlessly.} 35.Rd7+ R8e7 36.Rd8 $1 {Not allowing further trades.} 36...g4 $1 {But now the knight is depressed.} 37.Rh8 ( {Still, it was not too late to bring this piece back to the game with} 37.Nf1 $1 {Then in the forcing line} 37...h4 38.Rh8 g3 39.Rf4 Re2+ 40.Kg1 g2 41.Nh2 Rxb2 42.Rh7+ Ke8 43.Rxe7+ Kxe7 44.Rxh4 Rxa2 45.Rh7+ {White is just in time to hold on to the material equlibrum.} ) 37...Kg6 38.Rg8+ Rg7 39.Rf8 Kg5 {More progress is made by Black in the time-trouble.} 40.Nf1 h4 41.a4 a5 $1 {Another instructive decision by Giri. He wants to build a self-sufficient queenside setup, put the rook on e5-square and finally push f6-f5. Therefore, the pawn is ideally located on the fifth rank.} ( {Here and on the next move Black correctly avoids} 41...g3 42.Nxg3 $1 hxg3 43.Kxg3 {which should likely lead to a draw despite the extra pawn for Black.} ) 42.b4 b6 43.bxa5 bxa5 44.Ra8 Re5 {All set for f6-f5.} 45.Nd2 {And Esipenko blunders under pressure, practically blitzing this natural move.} ( {He should have improved the knight, no question about that, but only after the preliminary} 45.Rc8 Rc5 {and now} ( {Instead Black could have fought further with the cunning} 45...Rg6 $5 46.Rxc6 f5 47.Rc8 f4 {This looks very scary for the first player, but perhaps he might be able to survive. The key is to sacrifice the knight in the proper moment for a blockade, as in the following (non-forcing) line} 48.Rb2 h3+ 49.Kf2 Kh4 50.Rh8+ Rh5 51.Rxh5+ Kxh5 52.Ng3+ $1 fxg3+ 53.Kxg3 {and White seems to hold.} ) ( 45...Re6 46.Ra8 ) 46.Nd2 $1 ) 45...g3 $1 {Esipenko obviously missed an important detail in his calculations.} 46.Nf3+ Kf4 $1 {Under a discovered check! Such moves are easily missed, even by top-grandmasters.} ( {Maybe the Russian GM only saw} 46...Kh5 $2 47.Rh8+ {from afar, which is winning, but for White.} ) 47.Rf1 ( {Or else White loses too much material.} 47.Nxe5+ gxf2+ 48.Kxf2 fxe5 ) 47...h3+ $1 {The final, neat move! Black wins by force.} ( {Weaker was} 47...Re2+ 48.Kg1 g2 49.Rf2 {when White defends.} ) 48.Kxh3 ( {A prettier finish would have been} 48.Kg1 g2 49.Rf2 Kg3 50.Nxe5 h2# ) 48...g2 49.Rf2 Ke3 0-1

[Event "Tata Steel Chess Masters 2022"]
[Site "Chess.com"]
[Date "2022.01.26"]
[Round "10"]
[White "Dubov, Daniil"]
[Black "Grandelius, Nils"]
[Result "0-1"]
[WhiteElo "2720"]
[BlackElo "2672"]
[EventDate "2022.??.??"]
[Annotator "Bojkov,Dejan"]
[PlyCount "164"]
[Beauty "5222814450186"]
[EventType "schev"]
[EventRounds "4"]

1.Nf3 c5 2.e4 d6 3.Bb5+ Bd7 4.Bxd7+ Nxd7 5.c3 Ngf6 6.Qe2 e6 7.d4 cxd4 8.cxd4 {Let's quickly skip the opening, saying that the solid Rossolimo quickly led to an innocent-looking French pawn structure.} 8...d5 9.e5 Bb4+ 10.Bd2 Bxd2+ 11.Nbxd2 Ng8 {At least innocent-looking up to here, when there came...} 12.O-O-O $146 {\"Very interesting! And it took me completely by surprise. This is Daniil Dubov: he is going long-castle whenever possible\" (Grandelius)} ( {White got a slight edge after the conventional:} 12.O-O Ne7 13.Rac1 O-O 14.Qb5 Nb6 15.Rc3 Nc6 16.a3 Rc8 17.Rfc1 h6 18.h3 a6 19.Qb3 Rb8 20.Qc2 {in the predecessor Riazantsev,A (2634)-Matlakov,M (2674) Warsaw 2021} ) 12...Ne7 13.Kb1 Nc6 14.h4 {Dubov is not hiding his intentions at all. He wants to push all his pawns on the kingside and mate whenever the black king shows itself there. If not—well, he will have a kingside edge and potentially an open c-file.} 14...Qb6 ( {Definitely not castling into it yet.} 14...O-O 15.h5 ) 15.Qe3 Rc8 {Grandelius is somehow finding the most precise moves, gaining enough counterplay. But this comes at a price as he is burning loads of time on his clock.} 16.h5 h6 17.g4 Qb5 $1 {Just in time. The further advance of the white pawns is coming with a price, and Black is creating threats on his own.} 18.Rc1 $1 {Pinning the rook at once.} ( {As, otherwise, the knight has interesting routes like} 18.g5 Ne7 $1 ) ( {Or} 18.Rhg1 Nb4 $1 ) 18...O-O $1 {The rooks need to be defended to resume the threats!} 19.a3 $5 {This stops the Nc6-b4 maneuver and avoids the trade of the rooks.} ( {In case of} 19.g5 Nb4 $1 {Black is just in time if he chooses the proper trades in the line} 20.gxh6 Nd3 21.Nb3 Rxc1+ $1 {Trading both the white rooks is mandatory!} ( {But not} 21...Nxc1 22.Nxc1 {when White would soon mate.} ) 22.Rxc1 Nxc1 23.Nxc1 ( 23.hxg7 Kxg7 {is similar.} ) 23...gxh6 24.Qxh6 Rc8 {And this is somehow balanced, e.g.} 25.Qg5+ Kf8 $1 26.h6 Qc4 {Yes, Black also has threats and this forces White into a passive defense} 27.Qd2 Qf1 ( {Or even} 27...Kg8 ) ) 19...Ne7 $1 {The ideal square for the knight. Time to offer the rooks swap once again.} 20.Nh4 ( {As before} 20.g5 {is met with} 20...Nf5 ) ( {And} 20.Rhg1 Rxc1+ 21.Rxc1 Nb6 {will prepare Rf8-c8.} ) 20...Nb6 21.Ka2 {Dubov is still trying to deviate from the threats, but he apparently starts to burn the bridges.} ( {After} 21.f4 {Grandelius can proceed with the trades} 21...Rxc1+ ( {Or he can search for counterplay with} 21...Nc4 $5 22.Nxc4 dxc4 ) 22.Rxc1 Rc8 ) 21...Nc4 22.Qb3 {Maybe here Dubov realized that he miscalculated a thing or two.} ( {As in the line} 22.Nxc4 dxc4 $1 23.g5 c3 $3 {when it is Black who wins by force with tactical shots} 24.bxc3 Nd5 25.Qd2 Nxc3+ $1 26.Rxc3 Qd5+ ) 22...Qa6 {Black is playing for an attack now!} ( {Although he had quite a decent choice with} 22...Qxb3+ 23.Nxb3 g5 $1 ) 23.Nhf3 {A sad retreat.} ( {However} 23.Rcd1 Nc6 {was even worse.} ) 23...Rc6 {This is why Black avoided the trade of the queens, but as he was very low on time, Grandelius soon accepted a safe choice.} 24.Qd3 Qb5 25.Qb3 Qa6 26.Qd3 Rfc8 27.Rc3 {This only makes things worse.} ( {It is still not convincing to go for} 27.g5 $5 Qb5 28.Qb3 {due to} 28...Qa5 $1 ) ( {But perhaps White should have gone in full passive mode with} 27.Nb3 Qb5 28.Rc3 a5 29.Rb1 ) 27...Nxd2 28.Qxd2 ( {Black wins too many pawns in the line} 28.Qxa6 bxa6 29.Nxd2 Rxc3 30.bxc3 Rxc3 31.Nb3 Rc2+ ) 28...Rxc3 29.bxc3 Qc4+ {Now the white king is badly exposed.} 30.Kb2 Qb5+ 31.Ka2 Qc4+ 32.Kb2 Rc6 33.Qc2 Rb6+ ( 33...Qb5+ 34.Kc1 ) 34.Kc1 Ra6 35.Kb2 Rb6+ {Too bad that Grandelius was that low on time.} ( {The win, however, was far from trivial} 35...Nc6 $1 36.g5 Rb6+ 37.Kc1 Qa6 $3 ( {Or the equally hard, study-like maneuver} 37...Na5 38.gxh6 Nb3+ 39.Kd1 Na1 $3 ) 38.Kd2 ( {No time for} 38.gxh6 Qxa3+ 39.Kd2 Rb2 ) 38...Na5 $1 {and the threat of decisive infiltration with Rb6-b2! decides the outcome of the game.} ) 36.Kc1 Qb3 {\"This decision was heavily influenced by my [lack of] time.\" (Grandelius)} 37.Qxb3 Rxb3 38.Kc2 Rxa3 39.Kb2 Ra4 40.Nd2 {Now White is threatening to resume the motion of his kingside pawns, even in the endgame.} 40...Nc6 41.Nb3 b5 42.Rc1 Na5 43.Nd2 {A strange decision.} ( {After the natural} 43.Nxa5 Rxa5 44.f4 Ra4 45.Rg1 a5 46.g5 {Dubov had all the chances to survive.} ) 43...b4 44.cxb4 {It was not too late to enter the rook endgame once more.} ( {Strong was} 44.c4 dxc4 45.Nxc4 Nxc4+ 46.Rxc4 a5 47.Rc8+ Kh7 {with the following beautiful counterplay} 48.d5 $3 exd5 49.Rf8 b3 50.Rxf7 Rb4 51.e6 a4 52.e7 Re4 53.Rf4 $1 {and White should once again survive.} ) 44...Rxb4+ 45.Kc3 Nc6 {Now Black is once again winning.} 46.Kd3 ( {White is naturally avoiding the knight endgame.} 46.Nf3 Rc4+ 47.Kb2 Rxc1 48.Kxc1 f6 {which should be a technical win for the second player.} ) 46...Nxd4 {The next string of moves is quite forcing:} 47.Rc8+ Kh7 48.Rc7 a5 49.Rxf7 Nc6 50.f4 a4 51.Rc7 Rb6 52.Rc8 a3 53.Ra8 Nb4+ {And, Grandelius is once again short of time and rushes a bit.} ( {The neat} 53...a2 $1 {threatening the same maneuver as in the game, would have won as} 54.Kc3 ( {Or} 54.Ke3 Nb4 ) 54...Rb4 $1 {would mop up all the white pawns.} ) 54.Kc3 Na6 55.Nb3 a2 56.Na1 Rb1 57.Nc2 {Seems to be White's last chance.} ( {However, the rook endgame might have still worked} 57.Rxa6 $1 Rxa1 58.Kb2 Rf1 59.Kxa2 Rxf4 60.Rxe6 Rxg4 {Now White needs to see in advance the accurate counterplay} 61.Kb3 $3 {It is mandatory to activate the king.} ( {Or else White loses to} 61.Rd6 Rh4 62.Rxd5 Rxh5 ) 61...Rh4 62.Kc3 Rxh5 63.Kd4 $1 {And the white passer, nicely supported by both the rook and the king, should yield White enough play.} ) 57...a1=Q+ 58.Nxa1 Rxa1 59.f5 $1 {This breakthrough is obviously what Dubov was pinning his hopes on.} 59...exf5 60.gxf5 Rc1+ $1 {But this spoiler keeps Grandelius in charge!} ( {The Swedish GM correctly avoided} 60...Re1 61.f6 $1 gxf6 62.exf6 ) ( {As well as} 60...Rf1 61.Rxa6 Rxf5 62.Kd4 $1 ) 61.Kd2 ( {Or another spoiler after} 61.Kd4 Rd1+ $1 ) 61...Rf1 62.f6 {The last chance!} 62...Nc5 {The knight somehow survived.} 63.Ra7 Kg8 $1 ( {Not} 63...Ne6 64.Re7 ) 64.Rxg7+ Kf8 65.Rc7 Ne6 66.Rb7 Ng5 {Not a bad move, but a more central square would have worked better.} ( 66...Nd4 $1 {would have been a neat win after, say,} 67.Rd7 ( {Or} 67.Ke3 Nc6 $1 ) 67...Rf5 68.Rxd5 Nf3+ ) 67.Ke3 Rf5 {This, however, is a mistake, and Dubov, who had almost an hour more on the clock, gets a chance to survive once again.} ( {Pushing the enemy king toward his own seems suicidal, and yes, in time-trouble all sorts of scary mating pictures appear, but the line} 67...Re1+ $1 68.Kf4 ( 68.Kd4 Nf3+ ) 68...Ne6+ 69.Kf5 Nd4+ 70.Kg6 Nc6 $1 {was just winning.} ) 68.Rb8+ Kf7 69.Rb7+ Kf8 70.Rb8+ Kf7 71.Rb7+ Ke8 72.Re7+ $1 {That is the thing: this check now works for White!} ( {Not} 72.Rb8+ Kd7 ) 72...Kf8 73.Kd4 Nf7 74.Kxd5 Rxh5 75.Ke4 Rg5 76.Kf4 {Alas, Dubov became careless and let the half-point fly away.} ( {After} 76.e6 $1 Nd8 ( {Maybe the Russian GM missed that in the line} 76...Nd6+ {he has the only move} 77.Kd3 $3 Rd5+ 78.Kc2 Re5 79.Rh7 $11 ) 77.Rh7 Nxe6 78.Rxh6 $11 ) ( {even the neutral} 76.Re6 {would have been a draw according to the machine.} ) 76...Nh8 $3 {Or maybe White simply missed this non-obvious move! The knight is never shy to step back in order to jump to a better square.} 77.Ke4 Ng6 78.Rh7 ( {Or} 78.Re6 h5 ) 78...Rxe5+ 79.Kd4 h5 80.Rg7 Rg5 81.Rh7 Ne5 82.Rg7 Nf7 0-1

[Event "Tata Steel Chess Masters 2022"]
[Site "Chess.com"]
[Date "2022.01.29"]
[Round "12"]
[White "Caruana, Fabiano"]
[Black "Carlsen, Magnus"]
[Result "0-1"]
[WhiteElo "2792"]
[BlackElo "2865"]
[EventDate "2022.??.??"]
[Annotator "Bojkov,Dejan"]
[PlyCount "98"]
[Beauty "7010191939089"]
[EventType "schev"]
[EventRounds "4"]

1.e4 c5 2.Nf3 Nc6 3.Bb5 g6 4.O-O Bg7 5.c3 {This is what we call the Classical Rossolimo. In the beginning, it was all about White expanding in the center.} 5...Nf6 6.Re1 O-O 7.d4 d5 {Black naturally would not give the most vital part of the board without a fight.} 8.e5 Ne4 9.Be3 cxd4 10.cxd4 Qb6 11.Qe2 ( {Another way to play the position was demonstrated by Kryvoruchko:} 11.Bxc6 Qxc6 12.Nfd2 Be6 13.f3 Nxd2 14.Qxd2 Rfc8 15.Nc3 Qa6 16.Ne2 Rc7 17.Nf4 Rac8 {although Black was fine at the end in Kryvoruchko,Y (2686) -Shevchenko,K (2632) Riga 2021} ) 11...Bd7 12.Ba4 Rac8 13.Nc3 Nxc3 14.bxc3 Qd8 $1 {A brilliant move that defends the bishop, thus preparing the knight maneuver via a5 towards the c4-square, while creating the tactical threats of Nc6xd4! and/or Nc6xe5!} 15.Bb3 ( {Perhaps} 15.Rab1 {was to be preferred, when none of the tricks seem to work.} 15...Nxd4 ( {Similar is} 15...Nxe5 16.dxe5 Bxa4 17.Rxb7 ) ( {The other idea behind the move is to meet} 15...Na5 {with} 16.Bxd7 Qxd7 17.Qb5 $1 ) 16.Bxd4 Bxa4 17.Rxb7 ) 15...Na5 $146 {Carlsen is strictly following his plan, but this move is surprisingly a novelty.} ( {Interestingly, there is an email predecessor up to this point that went:} 15...Bf5 16.Nh4 Be6 17.Bd2 Na5 18.f4 Nc4 19.Bxc4 Rxc4 20.f5 gxf5 21.Rf1 {and it was unclear in Brundisch,V (2067)-Taksrud,V (2090) ICCF email 2019} ) 16.Rac1 Nxb3 {A hefty bishop pair has been acquired…} 17.axb3 {at the expense of the improved pawn structure for White. However, one should not forget that pieces almost always have priority to pawns.} 17...Qb6 {Carlsen is trying to discourage the c3-c4 break, thus gaining stability.} ( {The immediate} 17...a5 18.c4 a4 {was also possible but unclear.} ) 18.Qa2 a5 19.Qa3 ( 19.c4 a4 20.Rb1 dxc4 21.bxc4 Qa6 {would have been similar to the game.} ) 19...Rfe8 20.c4 dxc4 21.bxc4 Qa6 {At the end of the day, Black would provoke the advance of the c-pawn and this will promise his solid control of the light squares.} 22.c5 ( {However, after moves like} 22.Qa2 b5 ) ( {Or} 22.Nd2 b5 {White would have also experienced difficulties—as an outside passer(s) would be added as an asset to Black's treasure box.} ) 22...Bc6 23.Rb1 a4 {\"I went for a somewhat risky plan here, as I have to spend some time later for Qa6-a8-c8, bringing the bishop back into the game.\" (Carlsen)} ( {Wrong was the hunt for pawn weaknesses in the line} 23...Bxf3 $2 24.gxf3 Qe6 25.Qb3 Qh3 26.Qxb7 ) 24.Rec1 {Caruana has two major problems: his two minor pieces... None of them has any prospects—the bishop being particularly bad, but the knight too, does not have any good outposts. Take all the minors away and White would do great, but how to deal with them now?} ( {Perhaps} 24.Nd2 Rcd8 25.Qc3 Qa8 26.f3 {would have been a minor improvement in comparison to the game.} ) 24...Rcd8 25.Nd2 Qe2 {Black spots a chance and grabs it! The queen is heading toward the kingside.} 26.f3 ( {The line} 26.Re1 Qh5 27.f3 f6 {opens the black bishops in his favor.} ) ( {But} 26.Nf3 {seems mandatory when} 26...Bxf3 {does not win material due to} 27.Re1 ) 26...Rxd4 {\"The exchange sacrifice was screaming to be played.\" (Carlsen)} 27.Bxd4 Qxd2 28.Rd1 Qf4 {For the exchange, Black already got one pawn and is about to take a second one which, combined with his strong pieces, will promise him an edge. How serious that advantage would be is the question.} 29.Qb4 {The wrong plan according to the world champion.} ( {Carlsen suggested instead} 29.Qb2 $5 ) ( {Another idea was} 29.Bb2 $5 Bxe5 30.Bxe5 Qxe5 31.Rd2 {trying to survive the middlegame. With the queens on, White may make use of the open d-file and sometimes speculate with mating threats.} ) 29...e6 30.Bc3 Qxb4 {\"It's very much in my interest to exchange queens there. My bishops are so strong in the endgame that he stands no chance.\" (Carlsen) Indeed, the strength of the bishop pair increases in the endgame.} 31.Bxb4 Bxe5 32.Ba3 {For the time being, the white rooks control the open files, but their functions are purely defensive. Whereas Black can soon open a file for his rook as well while protecting all the entry squares.} 32...Bf6 33.Kf2 Be7 34.Rb6 Rc8 35.Rd2 f6 36.f4 e5 {Creates a passer at once while opening the f-file for his rook and the e6-square for the king.} ( 36...Kf7 $5 {Preparing h7-h6 and g6-g5 also looked great.} ) 37.fxe5 fxe5 38.Re2 Rf8+ 39.Ke1 Rf5 40.Rb1 e4 41.Rc1 Bh4+ 42.g3 Bg5 43.Rb1 Rf3 {The black pieces steadily put the situation under control.} 44.Bc1 Bf6 45.Rb6 Rf5 ( {Or the alternative win} 45...Bc3+ 46.Bd2 a3 ) 46.Ba3 Kf7 47.Rf2 Rf3 48.Rxf3 exf3 49.Kf1 Bd4 {And Caruana resigned as the second bishop is en route to the a6-f1 diagonal.} 0-1